| 000 | 01167naa a2200313 c 4500 | ||
|---|---|---|---|
| 001 | 34793 | ||
| 003 | ES-MaCES | ||
| 005 | 20050519090100.0 | ||
| 008 | 050519n2005 sp t 000 | spa d | ||
| 035 | _aCES20050002709v | ||
| 040 |
_aES-MaCES _bspa _cES-MaCES |
||
| 100 | 1 |
_aRabanal Carbajo, Pedro _921610 |
|
| 245 | 1 | 4 |
_aLas prestaciones de incapacidad temporal, maternidad y riesgo durante el embarazo _b: problemas pendientes _cpor Pedro Rabanal Carbajo |
| 504 | _aBibliografía: p.646-647 | ||
| 650 | 4 |
_aEspaña _926964 |
|
| 650 | 4 |
_arégimen jurídico _929894 |
|
| 650 | 4 |
_aderecho del trabajo _927165 |
|
| 650 | 4 |
_aseguridad social _927034 |
|
| 650 | 4 |
_aprestaciones de invalidez _927036 |
|
| 650 | 4 |
_alicencia por enfermedad _929479 |
|
| 650 | 4 |
_aembarazo _929243 |
|
| 650 | 4 |
_alicencia de maternidad _927816 |
|
| 650 | 4 |
_aprestaciones de maternidad _927040 |
|
| 653 | 1 | 0 | _aDerecho del trabajo y Seguridad Social |
| 773 | 0 |
_tActualidad laboral _gn. 6 (2ª quinc. marzo 2005){10002 R. 059922}; p. 631-647 _w(ES-MaCES)25022 _929198 |
|
| 902 | _aART Artículo de revista | ||
| 942 |
_2CES _cAR _h6.0.1. |
||
| 999 |
_c34793 _d34793 |
||